| 000 | 00954nam a22002297a 4500 | ||
|---|---|---|---|
| 005 | 20210608133531.0 | ||
| 008 | 210608b mx ||||| |||| 00| 0 spa d | ||
| 020 | _a9786074629392 | ||
| 050 | 0 | 4 |
_aHM881 _bM86 2016 |
| 245 | 0 | 0 |
_aMundo árabe : _blevantamientos populares, contextos, crisis y reconfiguraciones / _cGilberto Conde, Marta Tawil, Camila Pastor (editores) |
| 250 | _aPrimera edición | ||
| 260 |
_aCiudad de México : _bEl Colegio de México : Centro de Investigación y Docencia Económicas, _c2016 |
||
| 300 |
_a402 páginas : _bmapas ; _c21 cm |
||
| 650 |
_aPaíses árabes _xMovimientos sociales |
||
| 650 | 7 |
_2lemb _aGeopolítica _xPaíses árabes |
|
| 650 | 7 |
_2lemb _aViolencia política _xPaíses árabes |
|
| 650 | 7 |
_2lemb _aPaíses árabes _xPolítica y gobierno _ySiglo XXI |
|
| 700 | 1 |
_aConde, Gilberto, _d1962- , _eeditor |
|
| 700 | 1 |
_aTawil Kuri, Marta, _eeditor |
|
| 700 | 1 |
_aPastor, Camila, _eeditor |
|
| 942 |
_2lcc _cLIB |
||
| 999 |
_c156009 _d156007 |
||